Quiz sur l'Eurovision 2022 - Statistiques

Statistiques générales
  • Ce quiz a été pris 311 fois
    298 depuis la dernière actualisation
  • Le résultat moyen est 10 sur 15
Statistiques - réponses
Hint Réponse % Correct
Où se déroule le Concours ? (pays) Italie
99%
Quel est le pays nommé vainqueur par les sondages ? Ukraine
94%
Quel pays a gagné le Concours ? Ukraine
94%
Combien de pays participent à la finale ? 25
93%
Quel pays a été exclu du Concours ? Russie
87%
Quel pays est arrivé deuxième ? Royaume-Uni
85%
Où se déroule le Concours ? (ville) Turin
82%
Quel pays est arrivé troisième Espagne
74%
Combien de pays participent au Concours au total ? 40
72%
Quand a lieu la deuxième demi-finale ? 12 mai
55%
Quand a lieu la grande finale ? 14 mai
55%
Quand a lieu la première demi-finale ? 10 mai
53%
Un record a été battu cette année-là. En effet, l'Ukraine a reçu un nombre de points venant du public juste énorme. Combien de points a-t-elle reçu ? 439
25%
Quels pays font leur retour au Concours ? ArménieMonténégro
8%
Quels sont les pays déjà qualifiés en finale ? ItalieFrance Allemagne Royaume-Uni Espagne
3%
Aucun quiz correspondant
Distribution des résultats
% des personnes avec chaque résultat
Percentile par nombre de réponses
Votre historique - résultats
Vous n’avez pas pris ce quiz depuis la dernière actualisation